000 01130nac a22003857a 4500
001 BR2017002891
003 BR-BrBNA
005 20240105124046.0
008 230509b bl.|||m| |||| 00| 0 por d
040 _aBR-BrBNA
_bpor
_cBiblioteca Nacional de Agricultura
072 _aF01
090 _a0337 BR2017002891
100 1 _aCarvalho, C.G.P. de
100 1 _aCaldeira, A.
100 1 _aAmabile, R.F.
100 1 _aGodinho, V. de P.C;
100 1 _aRamos, N.P.
100 1 _aRibeiro, J.L.
100 1 _aOliveira, A.C.B. de
100 1 _aCarvalho, H.W.L. de
100 1 _aBrighenti, A.M.
110 1 _aEMBRAPA Soja, Londrina, PR (Brasil)
245 1 _aInformes da avaliação de genótipos de girassol; 2015/16 e 2016
260 3 _aLondrina, PR (Brasil):
_c2016.
300 _a94 p.
490 _aDocumentos - EMBRAPA Soja (Brazil)
_vno. 381
_x1516-781X
500 _a65 tables
650 _aGIRASSOL
650 _aGENÓTIPO
650 _aCONDIÇÃO AMBIENTAL
650 _aROTAÇÃO DE CULTURA
650 _aPRODUÇÃO
909 _a202312
_bLúcia Elande
_c55
_dLúcia Elande
942 _2AGRIS
_n0
_cMS
999 _c298189
_d298189